[Event "22ème Open de Saint-Affrique"]
[Site "Saint Affrique (12)"]
[Date "2014.07.23"]
[Round "6.42"]
[White "Bernard, Anthony"]
[Black "Guerin, Tristan"]
[Result "1-0"]
[WhiteElo "1636"]
[BlackElo "1417"]
[PlyCount "143"]
[EventDate "2014.??.??"]
[Source "Sylvain Rivier"]
[SourceDate "2014.07.26"]

1. e4 c5 2. Nc3 d6 3. f4 g6 4. Nf3 Bg7 5. Bc4 Nc6 6. d3 e6 7. O-O Nge7 8. Qe1
O-O 9. Qh4 d5 10. Bb3 b6 11. f5 exf5 12. exd5 Nd4 13. Bg5 f6 14. d6+ Nxb3 15.
dxe7 Qxe7 16. axb3 fxg5 17. Nxg5 h6 18. Nf3 Qxh4 19. Nxh4 g5 20. Ng6 Rf7 21.
Rae1 Kh7 22. Ne5 Re7 23. Nf3 Rxe1 24. Rxe1 Rb8 25. Re8 Ra8 26. Re7 Kg8 27. Nb5
a6 28. Nc7 Rb8 29. Nd5 Kf8 30. Ne5 Rb7 31. Rxb7 Bxb7 32. Nd7+ Ke8 33. N5xb6
Bxb2 34. Kf1 Bd4 35. c3 Bxc3 36. Nxc5 Bd4 37. Nxb7 Bxb6 38. Nd6+ Kf8 39. Nxf5
h5 40. Ng3 h4 41. Ne4 Bd8 42. Nc5 a5 43. Ne6+ Ke8 44. Nxd8 Kxd8 45. Ke2 Kd7 46.
Ke3 Kc6 47. Kd4 Kb5 48. Kc3 Kc5 49. d4+ Kd5 50. Kd3 g4 51. Ke3 h3 52. g3 Kd6
53. Ke4 Ke6 54. d5+ Kd6 55. Kd4 Kd7 56. Kc5 Kc7 57. d6+ Kd7 58. Kd5 Kd8 59. Kc6
Kc8 60. d7+ Kd8 61. Kb5 Kxd7 62. Kxa5 Ke6 63. b4 Kd5 64. b5 Ke4 65. b6 Kf3 66.
b7 Kg2 67. b8=Q Kxh2 68. Qf4 Kg2 69. Qxg4 h2 70. Qh4 h1=Q 71. Qxh1+ Kxh1 72. g4
1-0

[Event "22ème Open de Saint-Affrique"]
[Site "Saint Affrique (12)"]
[Date "2014.07.23"]
[Round "6.43"]
[White "Leost, Joel"]
[Black "Marie, Olivier"]
[Result "0-1"]
[WhiteElo "1445"]
[BlackElo "1633"]
[PlyCount "93"]
[EventDate "2014.??.??"]
[Source "Sylvain Rivier"]
[SourceDate "2014.07.26"]

1. e4 b6 2. Nc3 Ba6 3. Nge2 e6 4. d3 Bd6 5. g3 Qc8 6. Bg2 c6 7. O-O Bb7 8. f4
Bc7 9. Nd4 a5 10. f5 e5 11. Nf3 f6 12. d4 d6 13. Nh4 Qd7 14. Qh5+ Qf7 15. Ng6
exd4 16. Ne2 c5 17. Nef4 Na6 18. Nxh8 Qxh5 19. Nxh5 Kf8 20. Nf4 Ne7 21. Ne6+
Kg8 22. Ng6 hxg6 23. fxg6 Nxg6 24. Nxc7 Nxc7 25. Re1 Ra7 26. Bf4 Ne5 27. Rad1
Ne6 28. Bxe5 dxe5 29. c3 c4 30. cxd4 exd4 31. Bh3 Ng5 32. Bg2 d3 33. h4 Ne6 34.
Kf2 Nd4 35. Rh1 Ba6 36. Bh3 Re7 37. Ke3 Nc2+ 38. Kf4 Bb7 39. Bg2 Re5 40. g4 Nd4
41. h5 Ne2+ 42. Ke3 b5 43. Bf3 Ng3 44. h6 Nxe4 45. h7+ Kh8 46. Be2 Ng3+ 47. Kf2
0-1

[Event "22ème Open de Saint-Affrique"]
[Site "Saint Affrique (12)"]
[Date "2014.07.23"]
[Round "6.44"]
[White "Esclafit, Pierre"]
[Black "Zachary, Bastian"]
[Result "1-0"]
[WhiteElo "1629"]
[BlackElo "1360"]
[PlyCount "73"]
[EventDate "2014.??.??"]
[Source "Sylvain Rivier"]
[SourceDate "2014.07.26"]

1. d4 d5 2. Bf4 e6 3. Nf3 Bd6 4. Bg3 Nc6 5. e3 Bd7 6. Nbd2 Nge7 7. c3 Nf5 8.
Bd3 Qf6 9. e4 dxe4 10. Nxe4 Qe7 11. Qc2 h6 12. Rd1 Nxg3 13. hxg3 O-O-O 14. a3
f5 15. Ned2 Qf6 16. Nc4 Be7 17. Nce5 Bd6 18. Nc4 Be7 19. Nfe5 Nxe5 20. Nxe5 Bd6
21. f4 Bxe5 22. dxe5 Qg6 23. Kf2 Bc6 24. b4 a6 25. a4 b5 26. axb5 Bxb5 27. c4
Bc6 28. b5 axb5 29. cxb5 Be4 30. b6 Rd7 31. Ba6+ Kb8 32. Rxd7 Bxc2 33. bxc7+
Ka8 34. Rd8+ Rxd8 35. cxd8=Q+ Ka7 36. Qc7+ Kxa6 37. Qxc2 1-0

[Event "22ème Open de Saint-Affrique"]
[Site "Saint Affrique (12)"]
[Date "2014.07.23"]
[Round "6.45"]
[White "Salvador, Lucie"]
[Black "Del Valle, Clemence"]
[Result "0-1"]
[WhiteElo "1437"]
[BlackElo "1627"]
[PlyCount "158"]
[EventDate "2014.??.??"]
[Source "Sylvain Rivier"]
[SourceDate "2014.07.26"]

1. e4 c6 2. d4 d5 3. e5 Bf5 4. Bd3 Bxd3 5. Qxd3 e6 6. a3 Nd7 7. Nf3 c5 8. c3
Qc7 9. O-O a6 10. Be3 Ne7 11. Nbd2 Nf5 12. Rac1 c4 13. Qc2 Be7 14. Bg5 Bxg5 15.
Nxg5 h6 16. Ngf3 O-O 17. h3 b5 18. Nh2 a5 19. Ng4 Qb6 20. Ne3 Ne7 21. Nf3 b4
22. axb4 axb4 23. cxb4 Qxb4 24. Qc3 Nc6 25. b3 Qxc3 26. Rxc3 Ra3 27. Rfc1 Rc8
28. bxc4 Rxc3 29. Rxc3 dxc4 30. Rxc4 Nb6 31. Rc1 Kh7 32. Rb1 Na4 33. Rc1 Nb6
34. Kh2 Nxd4 35. Rxc8 Nxf3+ 36. gxf3 Nxc8 37. Kg3 Ne7 38. Nc4 Kg6 39. Kg4 h5+
40. Kf4 Nd5+ 41. Kg3 Kg5 42. h4+ Kf5 43. Nd6+ Kg6 44. Ne4 Kf5 45. Nd6+ Kxe5 46.
Nxf7+ Kf5 47. Nd6+ Kf6 48. Ne4+ Ke5 49. Ng5 Kf5 50. Ne4 e5 51. Nd6+ Ke6 52. Ne4
Nf4 53. Ng5+ Kf5 54. Nf7 Ne2+ 55. Kg2 Kf4 56. Kf1 Nd4 57. Kg2 Nxf3 58. Kh3 Nd2
59. Ng5 Kf5 60. Nf7 e4 61. Kg3 Nc4 62. Ng5 Nd6 63. Nh3 Nf7 64. Ng1 Nd6 65. Ne2
Ke5 66. Kg2 Nf5 67. Kh3 g6 68. Nc3 Kf4 69. Nd1 Kf3 70. Nc3 Nd6 71. Nd1 Ke2 72.
Nc3+ Kxf2 73. Nxe4+ Nxe4 74. Kh2 Ng3 75. Kh3 Nf5 76. Kh2 Nxh4 77. Kh3 g5 78.
Kh2 Nf3+ 79. Kh1 Ne5 0-1

[Event "22ème Open de Saint-Affrique"]
[Site "Saint Affrique (12)"]
[Date "2014.07.23"]
[Round "6.46"]
[White "Boyd, Christopher"]
[Black "Meyer, Eric"]
[Result "0-1"]
[WhiteElo "1367"]
[BlackElo "1622"]
[PlyCount "40"]
[EventDate "2014.??.??"]
[Source "Sylvain Rivier"]
[SourceDate "2014.07.26"]

1. c4 Nf6 2. g3 e6 3. Bg2 d5 4. cxd5 exd5 5. e3 c6 6. Ne2 Bd6 7. O-O O-O 8. d4
Bf5 9. Nbc3 Re8 10. h3 Qc7 11. Bd2 Nbd7 12. Rc1 Qb8 13. f4 Be4 14. Nxe4 Nxe4
15. Bxe4 Rxe4 16. Nc3 Re6 17. Kg2 Qf8 18. Qf3 Nf6 19. a3 Ne4 20. Nxe4 Rxe4 {
suite illisible} 0-1

[Event "22ème Open de Saint-Affrique"]
[Site "Saint Affrique (12)"]
[Date "2014.07.23"]
[Round "6.47"]
[White "Leblic, Pierre"]
[Black "Cellier-Valencia, Baptiste"]
[Result "1/2-1/2"]
[WhiteElo "1620"]
[BlackElo "1347"]
[PlyCount "99"]
[EventDate "2014.??.??"]
[Source "Sylvain Rivier"]
[SourceDate "2014.07.26"]

1. e4 c5 2. Nf3 Nc6 3. d4 cxd4 4. Nxd4 g6 5. Nc3 Bg7 6. Be3 e6 7. Bc4 Nge7 8.
Qd2 O-O 9. h4 d5 10. exd5 exd5 11. Bb3 Re8 12. O-O-O Qa5 13. h5 Nf5 14. Nxf5
Bxf5 15. Nxd5 Qxd2+ 16. Rxd2 Rac8 17. hxg6 Bxg6 18. Bg5 b5 19. f3 a5 20. Nf4 a4
21. Bd5 Nb4 22. Nxg6 hxg6 23. c3 Rc5 24. Be4 Nxa2+ 25. Kb1 Nxc3+ 26. bxc3 Rxg5
27. Rc2 Rb8 28. Rd1 b4 29. cxb4 Rxb4+ 30. Ka2 Ra5 31. g4 a3 32. Rb1 Rb2+ 33.
Rcxb2 axb2+ 34. Kb3 Ra1 35. Kc2 Kf8 36. Kb3 Ke7 37. Kc4 Kd6 38. f4 Ra4+ 39. Kd3
Kc5 40. Ke3 Ra3+ 41. Ke2 Kc4 42. Rh1 Ra2 43. Bb1 Ra1 44. Kd2 Kd4 45. Kc2 Ke3
46. Rh7 Bd4 47. Rxf7 Kf3 48. f5 gxf5 49. gxf5 Kf4 50. Rf8 1/2-1/2

[Event "22ème Open de Saint-Affrique"]
[Site "Saint Affrique (12)"]
[Date "2014.07.23"]
[Round "6.48"]
[White "Pottier, Simeon"]
[Black "Fabre, Jean-Michel"]
[Result "1-0"]
[WhiteElo "1619"]
[BlackElo "1337"]
[PlyCount "77"]
[EventDate "2014.??.??"]
[Source "Sylvain Rivier"]
[SourceDate "2014.07.26"]

1. d4 d5 2. c4 c6 3. Nf3 Nf6 4. Nc3 Bg4 5. Qb3 Qb6 6. Qxb6 axb6 7. Ne5 Bf5 8.
cxd5 cxd5 9. Bf4 Nc6 10. Nb5 Rc8 11. Rc1 e6 12. a3 Be7 13. e3 O-O 14. Nxc6 Rxc6
15. Rxc6 bxc6 16. Nc3 Rc8 17. Ba6 Rf8 18. Kd2 c5 19. f3 Bd8 20. Bd6 cxd4 21.
exd4 e5 22. dxe5 Nd7 23. Bxf8 Kxf8 24. Nxd5 Nxe5 25. Bb5 Bg5+ 26. f4 Bh6 27.
Kc3 Ng4 28. Re1 Be6 29. f5 Nxh2 30. fxe6 fxe6 31. Rxe6 Kf7 32. Rxb6 Ng4 33. a4
Bg5 34. Bc4 Kf8 35. a5 Bd8 36. Rb8 Ke8 37. a6 Kd7 38. Rxd8+ Kxd8 39. a7 1-0

[Event "22ème Open de Saint-Affrique"]
[Site "Saint Affrique (12)"]
[Date "2014.07.23"]
[Round "6.49"]
[White "Galy, Christian"]
[Black "Raynal, Adrien"]
[Result "0-1"]
[WhiteElo "1314"]
[BlackElo "1591"]
[PlyCount "49"]
[EventDate "2014.??.??"]
[Source "Sylvain Rivier"]
[SourceDate "2014.07.26"]

1. d4 Nf6 2. Nf3 g6 3. Bg5 Bg7 4. Nbd2 d6 5. e3 O-O 6. Bd3 Nc6 7. a3 e5 8. Bxf6
Bxf6 9. Ne4 Bg7 10. d5 Ne7 11. c4 h6 12. Ng3 f5 13. Qc2 e4 14. Nxe4 fxe4 15.
Bxe4 Bf5 16. Nh4 Bxe4 17. Qxe4 Qe8 18. Qc2 Qf7 19. O-O Nf5 20. g3 Nxh4 21. gxh4
Qf5 22. e4 Qg4+ 23. Kh1 Qf3+ 24. Kg1 Rf4 25. Rae1 0-1

[Event "22ème Open de Saint-Affrique"]
[Site "Saint Affrique (12)"]
[Date "2014.07.23"]
[Round "6.50"]
[White "Soblechero, Hugo"]
[Black "Achard-Rozan, Celian"]
[Result "1/2-1/2"]
[WhiteElo "1575"]
[BlackElo "1330"]
[PlyCount "89"]
[EventDate "2014.??.??"]
[Source "Sylvain Rivier"]
[SourceDate "2014.07.26"]

1. d4 Nf6 2. Bf4 e6 3. Nf3 d5 4. e3 c5 5. c3 Bd6 6. Bg3 O-O 7. Bd3 b6 8. Nbd2
Bb7 9. Qe2 Nc6 10. e4 dxe4 11. Nxe4 Be7 12. dxc5 bxc5 13. Rd1 Qb6 14. Qc2 h6
15. Qe2 Rfd8 16. O-O Na5 17. Nxf6+ Bxf6 18. Rd2 c4 19. Bxc4 Bxf3 20. Rxd8+ Rxd8
21. gxf3 Nxc4 22. Qxc4 Qxb2 23. Qa4 Qxc3 24. Qxa7 Qxf3 25. Rb1 Qa8 26. Qxa8
Rxa8 27. Rb8+ Rxb8 28. Bxb8 Kf8 29. Bc7 Ke7 30. a4 Kd7 31. Ba5 Kc6 32. Bb4 Be5
33. Kg2 f5 34. h3 g5 35. Kf3 Bd4 36. Kg3 e5 37. f3 e4 38. fxe4 fxe4 39. h4 Kd5
40. hxg5 hxg5 41. Be7 Be3 42. a5 Kc4 43. a6 Kd3 44. Bxg5 Ba7 45. Kg4 1/2-1/2

[Event "22ème Open de Saint-Affrique"]
[Site "Saint Affrique (12)"]
[Date "2014.07.23"]
[Round "6.51"]
[White "Roubaud, Brennan"]
[Black "Casasnovas, Vincent"]
[Result "0-1"]
[WhiteElo "1282"]
[BlackElo "1562"]
[PlyCount "46"]
[EventDate "2014.??.??"]
[Source "Sylvain Rivier"]
[SourceDate "2014.07.26"]

1. e4 d6 2. Nc3 e5 3. Nf3 Nf6 4. Bc4 Be7 5. O-O O-O 6. h3 c6 7. Bb3 b5 8. a3
Na6 9. d4 exd4 10. Nxd4 Qc7 11. Re1 Nc5 12. Bf4 Nxb3 13. Nxb3 Rd8 14. Nd4 Qb6
15. Be3 Qb7 16. Qf3 Bd7 17. e5 dxe5 18. Ndxb5 a6 19. a4 axb5 20. Nxb5 e4 21.
Qe2 cxb5 22. axb5 Rxa1 23. Rxa1 Bxb5 0-1

[Event "22ème Open de Saint-Affrique"]
[Site "Saint Affrique (12)"]
[Date "2014.07.23"]
[Round "6.52"]
[White "Mouton, Aline"]
[Black "Brin-Vervat, Emma"]
[Result "0-1"]
[WhiteElo "1010"]
[BlackElo "1541"]
[PlyCount "64"]
[EventDate "2014.??.??"]
[Source "Sylvain Rivier"]
[SourceDate "2014.07.26"]

1. d4 Nf6 2. c4 g6 3. Nc3 d5 4. b3 Bg7 5. Nf3 O-O 6. e3 c5 7. Bd3 Nc6 8. Ba3
Qa5 9. Bb2 Bg4 10. Qc2 Bxf3 11. gxf3 cxd4 12. Kf1 dxc3 13. Bxc3 Qd8 14. f4 Qd6
15. h4 Nb4 16. Qe2 Nxd3 17. Qxd3 Rad8 18. e4 dxe4 19. Qg3 Nh5 20. Qe3 Bxc3 21.
Qxc3 Qd3+ 22. Qxd3 exd3 23. f5 e6 24. fxg6 fxg6 25. Re1 Ng3+ 26. Kg2 Nxh1 27.
Kxh1 Rxf2 28. Kg1 Rxa2 29. Rxe6 d2 30. Kf1 d1=Q+ 31. Re1 Rf8+ 32. Kg1 Qxe1# 0-1

[Event "22ème Open de Saint-Affrique"]
[Site "Saint Affrique (12)"]
[Date "2014.07.23"]
[Round "6.53"]
[White "Fosse, Jean-Claude"]
[Black "Grimault, Lou"]
[Result "0-1"]
[WhiteElo "1465"]
[BlackElo "1317"]
[PlyCount "61"]
[EventDate "2014.??.??"]
[Source "Sylvain Rivier"]
[SourceDate "2014.07.26"]

1. e4 e6 2. Nf3 d5 3. Nc3 Nf6 4. e5 Nfd7 5. d4 c5 6. dxc5 Bxc5 7. Bd3 Nc6 8.
Bf4 Qb6 9. O-O Qxb2 10. Nb5 O-O 11. Nd6 Bxd6 12. exd6 Qf6 13. Bg5 Qc3 14. Be7
Nxe7 15. dxe7 Re8 16. h4 Rxe7 17. Ng5 Nf6 18. Re1 Qb4 19. c4 dxc4 20. Bxh7+
Nxh7 21. Qd8+ Nf8 22. Rad1 b5 23. Qd4 Rd7 24. Qf4 f6 25. Ne4 Nh7 26. Kf1 e5 27.
Qc1 Rxd1 28. Rxd1 Bb7 29. Nd6 Bc6 30. Qc2 Rd8 31. Rb1 0-1

[Event "22ème Open de Saint-Affrique"]
[Site "Saint Affrique (12)"]
[Date "2014.07.23"]
[Round "6.54"]
[White "Nguyen, Noam"]
[Black "Hirschmann, Georges"]
[Result "0-1"]
[WhiteElo "1350"]
[BlackElo "1801"]
[PlyCount "44"]
[EventDate "2014.??.??"]
[Source "Sylvain Rivier"]
[SourceDate "2014.07.26"]

1. c4 Nf6 2. Nc3 c6 3. Nf3 d5 4. cxd5 cxd5 5. d3 Nc6 6. g3 g6 7. Bg2 Bg7 8. d4
O-O 9. O-O a6 10. Bg5 h6 11. Be3 Ng4 12. Bf4 g5 13. Bd2 e6 14. Qc2 Nxd4 15.
Nxd4 Bxd4 16. e3 Bg7 17. Bh3 Ne5 18. Bg2 Bd7 19. b3 Rc8 20. Rac1 Bb5 21. Rfe1
Nd3 22. Nxb5 Rxc2 0-1

[Event "22ème Open de Saint-Affrique"]
[Site "Saint Affrique (12)"]
[Date "2014.07.23"]
[Round "6.55"]
[White "Durand, Joris"]
[Black "Viguie, Serge"]
[Result "0-1"]
[WhiteElo "1330"]
[BlackElo "1783"]
[PlyCount "44"]
[EventDate "2014.??.??"]
[Source "Sylvain Rivier"]
[SourceDate "2014.07.26"]

1. e4 d5 2. exd5 Qxd5 3. Nc3 Qd6 4. Nf3 Nf6 5. d4 a6 6. Bd3 Nc6 7. Be4 Bg4 8.
Ne2 Nxe4 9. Qd3 Nf6 10. O-O O-O-O 11. c3 e5 12. Rd1 e4 13. Bf4 exd3 14. Bxd6
dxe2 15. Rd3 Bxd6 16. d5 Bxf3 17. Rxf3 Rhe8 18. Re3 Nxd5 19. Rxe8 Rxe8 20. Re1
Nf4 21. g3 Nd3 22. Rxe2 Rxe2 0-1

[Event "22ème Open de Saint-Affrique"]
[Site "Saint Affrique (12)"]
[Date "2014.07.23"]
[Round "6.56"]
[White "Combes, Angelino"]
[Black "Espiau Dubois, Louis"]
[Result "0-1"]
[WhiteElo "1318"]
[BlackElo "1577"]
[PlyCount "126"]
[EventDate "2014.??.??"]
[Source "Sylvain Rivier"]
[SourceDate "2014.07.26"]

1. d4 Nf6 2. Nc3 d6 3. e4 g6 4. Bc4 Bg7 5. Nf3 O-O 6. Bf4 Nbd7 7. Qd2 e5 8.
dxe5 dxe5 9. Bh6 Nb6 10. Qxd8 Rxd8 11. Bxg7 Kxg7 12. Nxe5 Re8 13. f4 Nxc4 14.
Nxc4 Nxe4 15. O-O Nxc3 16. bxc3 Re2 17. Rf2 Re4 18. Nd2 Ra4 19. g3 Be6 20. Nb3
Rd8 21. Nc5 Rc4 22. Nxe6+ fxe6 23. Rf3 Rd2 24. Rc1 Kh6 25. Rd3 Re2 26. h3 Kh5
27. Kf1 Rh2 28. h4 Kg4 29. Re1 Rc6 30. Rde3 Rd6 31. Rd3 Rxd3 32. cxd3 Kxg3 33.
c4 Kxf4 34. Rb1 b6 35. d4 Rxa2 36. c5 Ra4 37. cxb6 cxb6 38. Rd1 Kg4 39. Rc1
Rxd4 40. Rc7 Kxh4 41. Rxh7+ Kg5 42. Rxa7 Rb4 43. Ke2 Kf4 44. Kd3 Rb1 45. Ra6 g5
46. Kc2 Rb5 47. Ra4+ Kg3 48. Ra3+ Kf2 49. Ra4 Re5 50. Kd3 Kf3 51. Ra1 g4 52.
Rf1+ Kg2 53. Ra1 b5 54. Ra2+ Kf3 55. Ra1 g3 56. Rf1+ Kg2 57. Rb1 Kh2 58. Rb2+
g2 59. Kd4 Rf5 60. Re2 Kh1 61. Rxe6 g1=Q+ 62. Ke4 Rh5 63. Kf4 Qd4+ 0-1

[Event "22ème Open de Saint-Affrique"]
[Site "Saint Affrique (12)"]
[Date "2014.07.23"]
[Round "6.57"]
[White "Degraeve, Thomas"]
[Black "Medard, Guillaume"]
[Result "1-0"]
[WhiteElo "1559"]
[BlackElo "1330"]
[PlyCount "49"]
[EventDate "2014.??.??"]
[Source "Sylvain Rivier"]
[SourceDate "2014.07.26"]

1. d4 d5 2. c4 Nf6 3. Nc3 e6 4. cxd5 exd5 5. Bf4 Bb4 6. Qb3 Nc6 7. e3 Bxc3+ 8.
bxc3 Na5 9. Qa4+ c6 10. Bd3 Bd7 11. Nf3 b5 12. Qc2 Nc4 13. Ne5 Rb8 14. Nxd7 Rb7
15. Nxf6+ Qxf6 16. O-O O-O 17. a4 a6 18. Bxh7+ Kh8 19. Bd3 Re8 20. Qe2 Re6 21.
Qh5+ Kg8 22. Bg5 Qxg5 23. Qxg5 Nd2 24. Qd8+ Re8 25. Qxe8# 1-0

[Event "22ème Open de Saint-Affrique"]
[Site "Saint Affrique (12)"]
[Date "2014.07.23"]
[Round "6.58"]
[White "Caudrelier, Pierre"]
[Black "Gachon, Valentin"]
[Result "1-0"]
[WhiteElo "1510"]
[BlackElo "1301"]
[PlyCount "67"]
[EventDate "2014.??.??"]
[Source "Sylvain Rivier"]
[SourceDate "2014.07.26"]

1. e4 c6 2. d4 d5 3. e5 Bf5 4. Ne2 e6 5. Bf4 Ne7 6. c3 Nd7 7. Nd2 Ng6 8. Nf3
Be7 9. h3 O-O 10. Ng3 Nxf4 11. Nxf5 exf5 12. g3 Ne6 13. Qc2 g6 14. h4 f6 15.
O-O-O fxe5 16. dxe5 Ndc5 17. Nd4 Nxd4 18. cxd4 Ne6 19. f4 Rc8 20. Kb1 b6 21. h5
g5 22. Bd3 Ng7 23. h6 Ne6 24. Bxf5 Qd7 25. Bxh7+ Kh8 26. Bf5 c5 27. h7 cxd4 28.
Qd3 gxf4 29. gxf4 Bc5 30. Rh6 Nxf4 31. Bxd7 Nxd3 32. Bxc8 Nxe5 33. Be6 Rd8 34.
Rg1 1-0

[Event "22ème Open de Saint-Affrique"]
[Site "Saint Affrique (12)"]
[Date "2014.07.23"]
[Round "6.59"]
[White "Grimault, Stephanie"]
[Black "Gachon, Maxence"]
[Result "1-0"]
[WhiteElo "1274"]
[BlackElo "1442"]
[PlyCount "69"]
[EventDate "2014.??.??"]
[Source "Sylvain Rivier"]
[SourceDate "2014.07.26"]

1. Nf3 d5 2. b3 c5 3. e3 Bg4 4. Be2 Nc6 5. Bb2 e6 6. O-O Qc7 7. d4 f6 8. c4
Bxf3 9. Bxf3 cxd4 10. exd4 dxc4 11. bxc4 Qb6 12. Bc3 Rd8 13. d5 Nge7 14. Bh5+
Ng6 15. Re1 Rd6 16. Rxe6+ Rxe6 17. dxe6 Qd8 18. Qxd8+ Nxd8 19. Bg4 Nf4 20. Nd2
Nfxe6 21. Re1 Kf7 22. Ne4 Nc5 23. Ng3 g6 24. Rd1 Bh6 25. Bb4 f5 26. Bf3 Nde6
27. Bd5 Bf8 28. Bc3 Rg8 29. Ne2 b6 30. Nf4 Bg7 31. Bxg7 Rxg7 32. Re1 g5 33.
Bxe6+ Nxe6 34. Nxe6 Kf6 35. Nxg7 1-0

[Event "22ème Open de Saint-Affrique"]
[Site "Saint Affrique (12)"]
[Date "2014.07.23"]
[Round "6.60"]
[White "Meyer, Bernard"]
[Black "Van Den Brande, Norman"]
[Result "1-0"]
[WhiteElo "1397"]
[BlackElo "1210"]
[PlyCount "73"]
[EventDate "2014.??.??"]
[Source "Sylvain Rivier"]
[SourceDate "2014.07.26"]

1. d4 Nf6 2. c4 d5 3. Nc3 Bf5 4. e3 g6 5. Bd2 Bg7 6. cxd5 Nxd5 7. Bb5+ c6 8.
Bc4 Nxc3 9. Bxc3 b5 10. Bb3 O-O 11. Nf3 Nd7 12. h3 Nf6 13. O-O Ne4 14. Rc1 Qc7
15. Bb4 Rfe8 16. Bd5 Rac8 17. Rxc6 Qd7 18. Rxc8 Rxc8 19. Bxe4 Bxe4 20. Re1 Bc2
21. Qe2 Be4 22. Bc3 Qd6 23. Ng5 Bf5 24. e4 Bd7 25. e5 Qd5 26. a3 Bc6 27. Qg4
Bf8 28. f3 Re8 29. Qf4 Bh6 30. Qh4 Kg7 31. Re4 Qc4 32. Rf4 Rf8 33. e6 f5 34.
d5+ Kg8 35. Rxc4 bxc4 36. Qxh6 Rf7 37. exf7# 1-0

[Event "22ème Open de Saint-Affrique"]
[Site "Saint Affrique (12)"]
[Date "2014.07.23"]
[Round "6.61"]
[White "Alfonso, Jonathan"]
[Black "Gaubert, Cedric"]
[Result "1-0"]
[WhiteElo "1099"]
[BlackElo "1384"]
[PlyCount "111"]
[EventDate "2014.??.??"]
[Source "Sylvain Rivier"]
[SourceDate "2014.07.26"]

1. e4 c5 2. Nf3 Qc7 3. d4 cxd4 4. Nxd4 a6 5. Nc3 e6 6. Bd3 Nf6 7. Bg5 Be7 8.
Qe2 e5 9. Nf5 Rg8 10. Nxe7 Rf8 11. Ncd5 Nxd5 12. Nxd5 Qa5+ 13. c3 f6 14. Be3 d6
15. Bb6 Qa4 16. Nc7+ Ke7 17. Nxa8 Be6 18. b3 Qc6 19. Rc1 Nd7 20. Qe3 Rxa8 21.
Ba5 b6 22. Bb4 a5 23. Ba3 a4 24. b4 Bxa2 25. Qg3 Kf7 26. b5 Qc7 27. Qg4 Nc5 28.
Qh5+ Kg8 29. Bxc5 Qxc5 30. O-O a3 31. Kh1 Bc4 32. Bxc4+ Qxc4 33. Kg1 a2 34. Qd1
Qxb5 35. c4 Qc6 36. Ra1 Kh8 37. Qd5 Qxd5 38. cxd5 h6 39. Rfc1 b5 40. Rc2 Ra4
41. Rcxa2 Rxe4 42. Ra6 b4 43. h3 Rd4 44. Rxd6 b3 45. Rb1 Rb4 46. Rc6 Kg8 47. d6
Kf7 48. d7 Ke7 49. Rd6 Kd8 50. f3 b2 51. Rd2 Rb7 52. Rbxb2 Rxd7 53. Rxd7+ Kxd7
54. Rb4 Ke6 55. Kf2 Kf5 56. Ke3 1-0

[Event "22ème Open de Saint-Affrique"]
[Site "Saint Affrique (12)"]
[Date "2014.07.23"]
[Round "6.62"]
[White "Flear, James C"]
[Black "Antos, Claude"]
[Result "1-0"]
[WhiteElo "1227"]
[BlackElo "1499"]
[PlyCount "35"]
[EventDate "2014.??.??"]
[Source "Sylvain Rivier"]
[SourceDate "2014.07.26"]

1. c4 e5 2. g3 Bc5 3. Bg2 Qf6 4. e3 Nc6 5. Nc3 Nd4 6. exd4 Bxd4 7. Nf3 Bc5 8.
Nd5 Qd6 9. d4 exd4 10. Nxd4 Qe5+ 11. Be3 c6 12. Nf3 Qxb2 13. Bxc5 Rb8 14. O-O
Ne7 15. Qe1 O-O 16. Qxe7 h5 17. Ng5 g6 18. Qxf8# 1-0

[Event "22ème Open de Saint-Affrique"]
[Site "Saint Affrique (12)"]
[Date "2014.07.23"]
[Round "6.63"]
[White "Boyd, Emilie"]
[Black "Cellier-Valencia, Lucie"]
[Result "0-1"]
[WhiteElo "1192"]
[BlackElo "1312"]
[PlyCount "32"]
[EventDate "2014.??.??"]
[Source "Sylvain Rivier"]
[SourceDate "2014.07.26"]

1. e4 e5 2. Nf3 Nc6 3. Bc4 Bc5 4. Nc3 Nf6 5. O-O d6 6. h3 Nh5 7. d3 Nf4 8. Bxf4
exf4 9. d4 Bb6 10. Qd2 Qf6 11. d5 Nd4 12. Nxd4 Bxd4 13. Bb5+ Kf8 14. Qd3 Qg6
15. Qxd4 Bxh3 16. Qe3 Qxg2# 0-1

[Event "22ème Open de Saint-Affrique"]
[Site "Saint Affrique (12)"]
[Date "2014.07.23"]
[Round "6.64"]
[White "Zachary, Caroline"]
[Black "Bernard, Elodie"]
[Result "1-0"]
[WhiteElo "1307"]
[BlackElo "1113"]
[PlyCount "113"]
[EventDate "2014.??.??"]
[Source "Sylvain Rivier"]
[SourceDate "2014.07.26"]

1. d4 d5 2. Bf4 Nc6 3. Nf3 Nf6 4. e3 Bg4 5. Nbd2 Ne4 6. Be2 e6 7. h3 Bh5 8. O-O
Bd6 9. Nxe4 dxe4 10. Ne5 Bxe2 11. Qxe2 Nxe5 12. Bxe5 Bxe5 13. Qb5+ c6 14. Qxe5
Qd5 15. Qxg7 Ke7 16. Qe5 Rhg8 17. Qxd5 exd5 18. f4 Rg3 19. Rae1 Rag8 20. Rf2
Rxh3 21. Kf1 Rh1+ 22. Ke2 Rh2 23. Rg1 Kd6 24. g4 Rh6 25. Rfg2 Rhg6 26. g5 f6
27. Kf2 fxg5 28. Rxg5 Rxg5 29. Rxg5 Rxg5 30. fxg5 Ke6 31. Kg3 Kf5 32. Kh4 b5
33. c3 a5 34. b4 a4 35. a3 Kg6 36. Kg4 Kf7 37. Kf5 Kg7 38. Ke5 Kg6 39. Kf4 Kf7
40. Kg4 Kg6 41. Kh4 Kf5 42. Kh5 Ke6 43. g6 hxg6+ 44. Kxg6 Kd6 45. Kf6 Kd7 46.
Kf7 Kd6 47. Ke8 Kc7 48. Ke7 Kb7 49. Kd7 Kb6 50. Kc8 Ka6 51. Kc7 Ka7 52. Kxc6
Ka6 53. Kxd5 Kb6 54. Kxe4 Kc6 55. Ke5 Kd7 56. Kd5 Ke7 57. Kc5 1-0

[Event "22ème Open de Saint-Affrique"]
[Site "Saint Affrique (12)"]
[Date "2014.07.23"]
[Round "6.65"]
[White "Salvador, Thomas"]
[Black "Raynal, Etienne"]
[Result "0-1"]
[WhiteElo "1110"]
[BlackElo "1286"]
[PlyCount "77"]
[EventDate "2014.??.??"]
[Source "Sylvain Rivier"]
[SourceDate "2014.07.26"]

1. e4 e5 2. Nf3 Nc6 3. Bb5 Nf6 4. Bxc6 dxc6 5. Nxe5 Qd4 6. Qe2 Qxe5 7. O-O Qxe4
8. Qxe4+ Nxe4 9. Re1 Bf5 10. d3 Bd6 11. dxe4 Be6 12. Nc3 O-O-O 13. a4 Rhe8 14.
a5 Bf5 15. a6 b6 16. Be3 Be6 17. h3 h5 18. Bg5 f6 19. e5 Bxe5 20. Rxe5 fxe5 21.
Bxd8 Kxd8 22. b4 Kc8 23. b5 cxb5 24. Nxb5 Kb8 25. Rc1 Bc4 26. Rb1 Rd8 27. Rb4
Bxb5 28. Rxb5 Re8 29. c4 c6 30. Rb1 c5 31. Ra1 e4 32. Ra3 Rd8 33. Re3 Rd4 34.
f3 Rd1+ 35. Kf2 exf3 36. Rxf3 Kc7 37. Rf7+ Kd8 38. Rf5 g6 39. Rf6 {suite
illisible} 0-1

[Event "22ème Open de Saint-Affrique"]
[Site "Saint Affrique (12)"]
[Date "2014.07.23"]
[Round "6.66"]
[White "Barascud, Rebecca"]
[Black "Combelle, Xavier"]
[Result "0-1"]
[WhiteElo "1020"]
[BlackElo "1270"]
[PlyCount "52"]
[EventDate "2014.??.??"]
[Source "Sylvain Rivier"]
[SourceDate "2014.07.26"]

1. e4 d5 2. Nc3 d4 3. Nd5 e6 4. Nb4 Bxb4 5. a3 Ba5 6. Bc4 Nc6 7. Nf3 e5 8. O-O
Nf6 9. d3 O-O 10. Bg5 Qd6 11. Bb5 Bd7 12. b4 Bb6 13. Rb1 a6 14. Ba4 Be6 15. Qd2
Ba7 16. Bh4 b5 17. Bb3 Bxb3 18. Rxb3 Ne7 19. c3 Qe6 20. Rfb1 c5 21. Bg3 Nd7 22.
Rc1 Rac8 23. h3 c4 24. cxd4 exd4 25. Be5 c3 26. Qe2 f6 {suite illisible} 0-1